000 01106nam a2200229 i 4500
001 154041
003 ES-MaACL
005 20250724063417.0
008 931025s1773 sp |||| | spa d
040 _aCAM
_bspa
_cPAB
100 1 _aFeijoo, Benito Jerónimo,
_d1676-1764
_949105
245 1 0 _aTheatro critico universal o Discursos varios en todo género de materias, para desengaño de errores comunes /
_cescrito por ... Fr. Benito Geronymo Feyjoó y Montenegro ... ; tomo septimo.
250 _aNueva impresion
_ben la qual van puestas las addiciones del Suplemento en sus lugares.
260 _aMadrid :
_ben la imprenta de don Antonio de Sancha :
_ba costa de la Real Compañia de Impresores y Libreros,
_c1773.
300 _aXLIV, 446 p., [2] en bl. ;
_c4º.
596 _aMarca tip. del ed. en port.
597 _aSign. : a-b8, c6, A-Z8, 2A-2E8.
597 _aPort. con grab. xil.
710 2 _aReal Compañía de Impresores y Libreros del Reino.
_9134788
852 _aES-MaACL
_jR-847-61
_z-- Enc. piel no original de la época
_x Olim: G-1530-44
999 _c154041
_d154041